Taxation Trends in the European Union Data for the EU Member States, Iceland, Norway and United Kingdom

Salvato in:
Dettagli Bibliografici
Ente Autore: European Commission
Natura: Libro
Lingua:inglese
Pubblicazione: Luxembourg Publications Office of the European Union 2021
Edizione:2021 Edition
Soggetti:
Tags: Aggiungi Tag
Nessun Tag, puoi essere il primo ad aggiungerne!!

MARC

LEADER 00000nam a2200000 4500
001 0288179
005 20240221115100.0
020 |a 978-92-76-32069-2 
020 |a 978-92-76-32071-5 
041 0 |a eng 
044 |a LU 
245 1 0 |a Taxation Trends in the European Union  |b Data for the EU Member States, Iceland, Norway and United Kingdom 
250 |a 2021 Edition 
264 1 |a Luxembourg  |b Publications Office of the European Union  |c 2021 
300 |a 298 s. 
610 2 0 |a údaje štatistické medzinárodné 
610 2 0 |a porovnanie štatistické medzinárodné 
610 2 0 |a politika fiškálna 
610 2 0 |a systémy daňové 
610 2 0 |a zdaňovanie 
610 2 0 |a dane 
610 2 0 |a Európska únia 
710 2 |a European Commission